000 00758nam a2200241Ia 4500
003 GCL
008 140319s9999 xx 000 0 ara d
040 _aGCL /
_cGCL
082 0 4 _aق
_b813.081
_bب إ
100 1 _aحسن صبحى بكرى
245 1 0 _aايزيس واوزريس /
_cحسن صبحى بكرى
700 1 _aمحمد صقر خفاجة
700 1 _aبلوتارخوس
260 _aالقاهرة :
_bدار القلم
300 _a156ص ؛
_c20 سم
490 _aالالف كتاب
_v235
650 0 4 _aمصر القديمة
650 0 4 _aالحضارة الفرعونية
650 0 4 _aالاساطير
650 0 4 _aالديانات المصرية القديمة
650 0 4 _aايزيس واوزيريس
942 _2ddc
_cBK
999 _c36564
_d36564